<?xml version='1.0' encoding='UTF-8'?>
  <record xmlns="http://www.loc.gov/MARC21/slim">
    <leader>00000cam a2200000 i 4500</leader>
    <controlfield tag="001">ocn906488698</controlfield>
    <controlfield tag="003">OCoLC</controlfield>
    <controlfield tag="005">20241208133402.9</controlfield>
    <controlfield tag="008">861215s1504    fr            000 0 lat d</controlfield>
    <datafield tag="010" ind1=" " ind2=" ">
      <subfield code="a">   86145448 </subfield>
    </datafield>
    <datafield tag="040" ind1=" " ind2=" ">
      <subfield code="a">NLGGC</subfield>
      <subfield code="b">eng</subfield>
      <subfield code="e">fobidrtb</subfield>
      <subfield code="c">NLGGC</subfield>
      <subfield code="d">OCLCO</subfield>
      <subfield code="d">OCLCL</subfield>
      <subfield code="d">OCLCQ</subfield>
    </datafield>
    <datafield tag="029" ind1="0" ind2=" ">
      <subfield code="a">NLGGC</subfield>
      <subfield code="b">86580737X</subfield>
    </datafield>
    <datafield tag="035" ind1=" " ind2=" ">
      <subfield code="a">(OCoLC)906488698</subfield>
    </datafield>
    <datafield tag="050" ind1=" " ind2="0">
      <subfield code="a">KD8625</subfield>
    </datafield>
    <datafield tag="130" ind1="0" ind2=" ">
      <subfield code="a">Constitutiones provinciales ecclesiae Anglicanae.</subfield>
    </datafield>
    <datafield tag="245" ind1="1" ind2="0">
      <subfield code="a">Constitutiones legitime seu legatine regionis Anglicane :</subfield>
      <subfield code="b">cum subtilissima interpretatione Iohannis de Athon, triplicique tabella. Necnon et constitutiones prouinciales ab archiepiscopis Cantuariensibus edite. -- Et summa accuratione recognite, annotate et Parisijs coimpresse.</subfield>
    </datafield>
    <datafield tag="260" ind1=" " ind2=" ">
      <subfield code="a">[Paris] :</subfield>
      <subfield code="b">Coimpressa ... arte Magistri Wulfgangi Hopilij, impen,</subfield>
      <subfield code="c">[1504 ad Idus Semptembris [13 Sept.]</subfield>
    </datafield>
    <datafield tag="300" ind1=" " ind2=" ">
      <subfield code="a">[16], clv, [1] leaves (the last leaf blank) :</subfield>
      <subfield code="b">ill. ;</subfield>
      <subfield code="c">27 cm. (fol.)</subfield>
    </datafield>
    <datafield tag="336" ind1=" " ind2=" ">
      <subfield code="a">tekst</subfield>
      <subfield code="b">txt</subfield>
      <subfield code="2">rdacontent/dut</subfield>
    </datafield>
    <datafield tag="337" ind1=" " ind2=" ">
      <subfield code="a">zonder medium</subfield>
      <subfield code="b">n</subfield>
      <subfield code="2">rdamedia/dut</subfield>
    </datafield>
    <datafield tag="338" ind1=" " ind2=" ">
      <subfield code="a">band</subfield>
      <subfield code="b">nc</subfield>
      <subfield code="2">rdacarrier/dut</subfield>
    </datafield>
    <datafield tag="500" ind1=" " ind2=" ">
      <subfield code="a">Canons of the plenary councils of the British Isles held in 1237 and 1268 with papal legates presiding (known also as the Constitutions of Otho and Othobon) accompanied by John Acton's gloss, with added summaries by Jodocus Badius Ascensius; followed by a collection of unabridged provincial statutes of Canterbury.</subfield>
    </datafield>
    <datafield tag="500" ind1=" " ind2=" ">
      <subfield code="a">Edited by Jodocus Badius Ascensius and Jean Chappuis.</subfield>
    </datafield>
    <datafield tag="500" ind1=" " ind2=" ">
      <subfield code="a">Signatures: A-B8 a-e8 f10 g-o8 p6 q-s8 t-v6.</subfield>
    </datafield>
    <datafield tag="500" ind1=" " ind2=" ">
      <subfield code="a">Imprint: Parisiis coimpresse.</subfield>
    </datafield>
    <datafield tag="500" ind1=" " ind2=" ">
      <subfield code="a">Colophon: Clauduntur itaque constitutiones tam legitime legatorum ab latere summi pontificis cum solenni interpretatione domini Joannis de athon ... coimpressa sunt sollertissima accuratione atque arte Magistri wulfgangi hopilii:impensis ejusdem: et probissimi bibliopole Joannis confluentini: in inclyta Parrhisiorum academia ... Anno domini Millesimo quingentesimo quarto:ad idus Septembris.</subfield>
    </datafield>
    <datafield tag="510" ind1="0" ind2=" ">
      <subfield code="a">Adams, H.M. Catalogue of books printed on the continent of Europe, 1501-1600, in Cambridge libraries, L 2114</subfield>
    </datafield>
    <datafield tag="510" ind1="0" ind2=" ">
      <subfield code="a">Moreau, B. Inventaire chronologique des éditions parisiennes du XVIe siècle, 1, 133 (72)</subfield>
    </datafield>
    <datafield tag="650" ind1=" " ind2="4">
      <subfield code="a">Ecclesiastical law.</subfield>
    </datafield>
    <datafield tag="700" ind1="1" ind2=" ">
      <subfield code="a">Acton, John,</subfield>
      <subfield code="d">1350 d.</subfield>
      <subfield code="0">(NL-LeOCL)240691342</subfield>
    </datafield>
    <datafield tag="700" ind1="1" ind2=" ">
      <subfield code="a">Bade, Josse</subfield>
      <subfield code="q">(Jodocus),</subfield>
      <subfield code="d">1462-1535.</subfield>
      <subfield code="0">(NL-LeOCL)071707034</subfield>
    </datafield>
    <datafield tag="700" ind1="1" ind2=" ">
      <subfield code="a">Chappuis, Joannes</subfield>
      <subfield code="q">(Jean),</subfield>
      <subfield code="d">1500 fl.</subfield>
      <subfield code="0">(NL-LeOCL)09772386X</subfield>
    </datafield>
    <datafield tag="710" ind1="0" ind2=" ">
      <subfield code="a">Hopyl, Wolfgang (Parijs)</subfield>
      <subfield code="4">prt</subfield>
      <subfield code="0">(NL-LeOCL)11942276X</subfield>
    </datafield>
    <datafield tag="710" ind1="0" ind2=" ">
      <subfield code="a">Koblenz, Johann von (Parijs)</subfield>
      <subfield code="4">prt</subfield>
      <subfield code="0">(NL-LeOCL)241825245</subfield>
    </datafield>
    <datafield tag="758" ind1=" " ind2=" ">
      <subfield code="i">has work:</subfield>
      <subfield code="a">Constitutiones provinciales ecclesiae Anglicanae (Text)</subfield>
      <subfield code="1">https://id.oclc.org/worldcat/entity/E39PCH7yKXHdbHb7Pm3ty3qXJP</subfield>
      <subfield code="4">https://id.oclc.org/worldcat/ontology/hasWork</subfield>
    </datafield>
    <datafield tag="936" ind1=" " ind2=" ">
      <subfield code="a">BATCHLOAD</subfield>
    </datafield>
  </record>